[Event "Oslo CC-chB"]
[Site "Oslo"]
[Date "2018.11.01"]
[Round "7"]
[White "Roderburg, Rolf Theodo"]
[Black "Erikstad, Olav Age"]
[Result "1-0"]
[WhiteElo "1622"]
[BlackElo "1749"]
[PlyCount "55"]
[EventDate "2018.09.06"]
[EventType "swiss"]
[EventRounds "9"]
[EventCountry "NOR"]
[SourceTitle "EXT 2024"]
[Source "ChessBase"]
[SourceDate "2023.10.10"]
[SourceVersion "1"]
[SourceVersionDate "2023.10.10"]
[SourceQuality "1"]

1. d4 Nf6 2. Bf4 d5 3. Nf3 e6 4. e3 Bd6 5. Bg3 0-0 6. Bd3 Bd7 7. Nbd2 Nc6 8. c3 Re8 9. Ne5 Ne7 10. Ndf3 h6 11. Qc2 Nf5 12. 0-0-0 Ne7 13. Bh4 Ne4 14. Bxe4 dxe4 15. Qxe4 Ba4 16. Rd2 f6 17. Ng4 Nf5 18. d5 Bd7 19. Bxf6 gxf6 20. Nxh6+ Nxh6 21. Qg6+ Kh8 22. Qxh6+ Kg8 23. Rd4 exd5 24. Qg6+ Kf8 25. Rh4 Bc5 26. Rh7 Bxe3+ 27. fxe3 Be6 28. Qg7# 1-0

[Event "Oslo CC-chB"]
[Site "Oslo"]
[Date "2018.10.14"]
[Round "4"]
[White "Roderburg, Rolf Theodo"]
[Black "Selvik, Kjetil"]
[Result "1-0"]
[WhiteElo "1622"]
[BlackElo "1478"]
[PlyCount "73"]
[EventDate "2018.09.06"]
[EventType "swiss"]
[EventRounds "9"]
[EventCountry "NOR"]
[SourceTitle "EXT 2024"]
[Source "ChessBase"]
[SourceDate "2023.10.10"]
[SourceVersion "1"]
[SourceVersionDate "2023.10.10"]
[SourceQuality "1"]

1. e4 c5 2. c3 Nc6 3. d4 cxd4 4. cxd4 e6 5. Nf3 Nf6 6. Nc3 Bb4 7. Bd3 Qb6 8. a3 Be7 9. Bc2 0-0 10. 0-0 d6 11. Qd3 e5 12. d5 Nd8 13. b4 Bd7 14. Ba4 Rc8 15. Bxd7 Nxd7 16. Be3 Qc7 17. Nb5 Qc4 18. Qxc4 Rxc4 19. Rac1 Rxc1 20. Rxc1 Nf6 21. Bg5 a6 22. Bxf6 gxf6 23. Na7 b5 24. Nh4 f5 25. Nxf5 Re8 26. Nc8 Bg5 27. Rc3 f6 28. Ncxd6 Rf8 29. h4 Bd2 30. Rc2 Be1 31. Kf1 Bxb4 32. axb4 h5 33. Rc7 Kh8 34. Ne7 Kh7 35. Nc6+ Kg8 36. Nxd8 Rxd8 37. Rc8 1-0

[Event "Oslo CC-chB"]
[Site "Oslo"]
[Date "2018.09.06"]
[Round "1"]
[White "Graff, Joachim S"]
[Black "Roderburg, Rolf Theodo"]
[Result "0-1"]
[WhiteElo "1258"]
[BlackElo "1622"]
[PlyCount "44"]
[EventDate "2018.09.06"]
[EventType "swiss"]
[EventRounds "9"]
[EventCountry "NOR"]
[SourceTitle "EXT 2024"]
[Source "ChessBase"]
[SourceDate "2023.10.10"]
[SourceVersion "1"]
[SourceVersionDate "2023.10.10"]
[SourceQuality "1"]

1. d4 Nf6 2. c4 e6 3. Nf3 d5 4. Bg5 Be7 5. Bxf6 Bxf6 6. e3 0-0 7. Bd3 Nd7 8. 0-0 b6 9. b4 c5 10. bxc5 bxc5 11. Qc2 g6 12. Nc3 Bb7 13. Rab1 Rb8 14. cxd5 exd5 15. dxc5 Nxc5 16. Rb5 Rc8 17. Rfb1 Nxd3 18. Rxb7 Rxc3 19. Qa4 Qc8 20. g3 Rc1+ 21. Kg2 Rc2 22. R7b2 Rxb2 0-1

[Event "Oslo-ch"]
[Site "Oslo"]
[Date "2017.??.??"]
[Round "3"]
[White "Roderburg, Rolf Theodo"]
[Black "Johnsen, John Kristian"]
[Result "0-1"]
[WhiteElo "1574"]
[BlackElo "1807"]
[PlyCount "106"]
[EventDate "2017.08.16"]
[EventType "swiss"]
[EventRounds "9"]
[EventCountry "NOR"]
[SourceTitle "EXT 2024"]
[Source "ChessBase"]
[SourceDate "2023.10.10"]
[SourceVersion "1"]
[SourceVersionDate "2023.10.10"]
[SourceQuality "1"]

1. e4 c5 2. Nf3 e6 3. d4 cxd4 4. Nxd4 a6 5. a3 Qc7 6. Nc3 Nf6 7. Bg5 Be7 8. Be2 0-0 9. 0-0 Nc6 10. Kh1 d6 11. f4 Re8 12. Qd2 Bd7 13. Rad1 Nxd4 14. Qxd4 Bc6 15. Bf3 Rad8 16. Qf2 b5 17. g4 a5 18. Qg2 b4 19. axb4 axb4 20. Nb1 Qb7 21. Nd2 d5 22. e5 Nd7 23. Bxe7 Rxe7 24. Nb3 Qb6 25. Nd4 Rc8 26. Rfe1 Bb7 27. f5 Rc4 28. Qd2 Ba6 29. g5 Qc7 30. Be2 Nxe5 31. b3 Rxd4 32. Qxd4 Nc6 33. Qd2 Bb7 34. f6 Re8 35. fxg7 e5 36. g6 fxg6 37. Qxd5+ Kxg7 38. Qd7+ Re7 39. Qxc7 Rxc7 40. Bf3 Kf6 41. Kg1 Nd4 42. Bxb7 Rxb7 43. Rf1+ Ke6 44. Rd2 Rc7 45. Rff2 Kd5 46. Kf1 e4 47. Rf8 Ke5 48. Re8+ Ne6 49. Ke2 Kf5 50. Ke3 Rc3+ 51. Ke2 Nf4+ 52. Kd1 Rf3 53. Rd5+ Nxd5 0-1